Statistiques concernant Find the player through his career

Cliquez ici pour prendre le quiz!

Statistiques générales

  • Ce quiz a été pris 8 fois
  • Le résultat moyen est 5 sur 20

Statistiques - réponses

HintRéponse% Correct
Cleveland-Miami-LakersLebron James
86%
Thunder-Rockets-Wizards-Lakers-ClippersRussell Westbrook
86%
Thunder-Rockets-Nets-76ers-ClippersJames Harden
57%
Spurs-HornetsTony Parker
57%
Magic-Lakers-Heat-Cavaliers-CelticsShaquille O'Neal
43%
Supersonics-Bucks-Lakers-Celtics-HeatGary Payton
29%
Jazz-LakersKarl Malone
29%
Bucks-Supersonics-Celtics-HeatRay Allen
29%
76ers-Suns-RocketsCharles Barkley
14%
Hornets-Clippers-Rockets-Thunder-Suns-WarriorsChris Paul
14%
Spurs-Raptors-ClippersKawhi Leonard
14%
Bobcats/Hornets-Celtics-Knicks-MavericksKemba Walker
14%
Trailblazers-Spurs-NetsLaMarcus Aldridge
14%
Grizzlies-Lakers-Bulls-Spurs-BucksPau Gasol
14%
Rockets-Suns-Lakers-SpursRobert Horry
14%
Clippers-Pistons-Nets-CelticisBlake Griffin
0%
Raptors-HeatChris Bosh
0%
Hawks-Clippers-Celtics-Spurs-MagicDominique Wilkins
0%
Magic-Bucks-Clippers-76ers-Pelicans-MavericksJJ Redick
0%
Timberwolves-Cavaliers-HeatKevin Love
0%

Distribution des résultats

Percentile par nombre de réponses

% des personnes avec chaque résultat

Votre développement - résultats

Vous n’avez pas pris ce quiz